02739cam a22003615a 4500999001700000001001000017003000300027005001700030008004100047015001900088020001800107040002600125082002000151100002400171245007100195250001300266260004100279300002700320490002500347504005100372505118300423520017701606650001601783650004601799650004601845653002501891655001701916700002601933942000801959952012601967952014202093952014202235 c26956d26928018874113Uk20181105131645.0180518s2017 enk frb 001 0 eng d aGBB8F31502bnb z9781137606716 aUkbengcUkdEG-ScBUE04a342.41bALD2221 aAlder, John.94190810aConstitutional and administrative law /cJohn Alder, Keith Syrett. a11th ed. aLondon :bPalgrave Macmillan,c2017. axlii, 651 p. ;c24 cm.0 aPalgrave law masters aIncludes bibliographical references and index.0 aPART I: THE FRAMEWORK OF THE CONSTITUTION.- 1. Introduction: Constitutional Structures.- 2. Underlying Political Traditions.- 3. The Sources of the Constitution.- 4. Historical Landmarks.- 5. An Overview of the Main Institutions of the Constitution.- PART II FUNDAMENTAL PRINCIPLES.- 6. The Rule of Law.- 7. The Separation of Powers.- 8. Parliamentary Sovereignty.- PART III INTERNATIONAL ASPECTS OF THE CONSTITUTION.- 9. The State and the Outside World.- 10. The European Union.- PART IV: GOVERNMENT INSTITUTIONS.- 11. Parliament: Constitutional Position.- 12. The Composition of Parliament and Parliamentary Elections.- 13. Parliamentary Procedure.- 14. The Crown.- 15. Ministers and Departments.- 16. Devolution.- PART V: ADMINISTRATIVE LAW.- 17. The Grounds of Judicial Review, I: Illegality and Ultra Vires.- 18. The Grounds of Judicial Review, II: Beyond Ultra Vires.- 19. Judicial Review Remedies and Procedure.- 20. Administrative Justice.- PART VI: FUNDAMENTAL RIGHTS.- 21. Human Rights and Civil Liberties.- 22. The Human Rights Act 1998.- 23. Freedoms of Expression and Assembly.- 24. Government Secrecy.- 25. Exceptional Powers: Security, Emergencies and Terrorism.  aThis textbook provides a thorough and accessible introduction to the basic principles of United Kingdom Constitutional and Administrative Law, including Human Rights law.  7aLaw.2BUEsh 7aConstitutional lawzGreat Britain.2BUEsh 7aAdministrative lawzGreat Britain.2BUEsh bLLAAWWcNovember2018 vReading book1 aSyrett, Keith.941909 2ddc 00102ddc40708BaccahaMAINbMAINc1STd2018-11-05ePurchaseg650.00l0o342.41 ALDp000043829r2025-07-15 00:00:00yNB 00102ddc40708BaccahaMAINbMAINc1STd2018-11-05ePurchaseg650.00l5m39o342.41 ALDp000043830r2025-07-15 00:00:00s2024-11-27yBB 00102ddc40708BaccahaMAINbMAINc1STd2018-11-05ePurchaseg650.00l7m38o342.41 ALDp000043831r2025-07-15 00:00:00s2024-11-19yBB